<?xml version="1.0" encoding="UTF-8"?>
<record
    xmlns:xsi="http://www.w3.org/2001/XMLSchema-instance"
    xsi:schemaLocation="http://www.loc.gov/MARC21/slim http://www.loc.gov/standards/marcxml/schema/MARC21slim.xsd"
    xmlns="http://www.loc.gov/MARC21/slim">

  <leader>00541nam a2200181   4500</leader>
  <controlfield tag="003">SEACOMEC</controlfield>
  <controlfield tag="005">20241213140009.0</controlfield>
  <controlfield tag="008">240119b        |||||||| |||| 00| 0 eng d</controlfield>
  <datafield tag="020" ind1=" " ind2=" ">
    <subfield code="c">Rs.345.00</subfield>
    <subfield code="a">978-0195113983</subfield>
  </datafield>
  <datafield tag="040" ind1=" " ind2=" ">
    <subfield code="a">SEACOMEC</subfield>
  </datafield>
  <datafield tag="082" ind1=" " ind2=" ">
    <subfield code="a">004.6</subfield>
    <subfield code="b">Z62</subfield>
  </datafield>
  <datafield tag="100" ind1=" " ind2=" ">
    <subfield code="a">Zherg, Youlu</subfield>
  </datafield>
  <datafield tag="245" ind1="1" ind2=" ">
    <subfield code="a">Networks for computer scientist and engineers/ </subfield>
    <subfield code="c">Youlu Zherg,   and  Shakil Akhter</subfield>
  </datafield>
  <datafield tag="260" ind1=" " ind2=" ">
    <subfield code="a">Oxford</subfield>
    <subfield code="b">Oxford Universities</subfield>
    <subfield code="c">2004</subfield>
  </datafield>
  <datafield tag="650" ind1=" " ind2=" ">
    <subfield code="a">Computer science,interfacing and communications</subfield>
  </datafield>
  <datafield tag="700" ind1=" " ind2=" ">
    <subfield code="a">Akhter,Shakil</subfield>
  </datafield>
  <datafield tag="942" ind1=" " ind2=" ">
    <subfield code="c">BOOK</subfield>
  </datafield>
  <datafield tag="952" ind1=" " ind2=" ">
    <subfield code="0">0</subfield>
    <subfield code="1">0</subfield>
    <subfield code="2">ddc</subfield>
    <subfield code="4">0</subfield>
    <subfield code="7">0</subfield>
    <subfield code="a">SEACOMEC</subfield>
    <subfield code="b">SEACOMEC</subfield>
    <subfield code="d">2006-06-05</subfield>
    <subfield code="l">0</subfield>
    <subfield code="o">004.6 Z62</subfield>
    <subfield code="p">01657</subfield>
    <subfield code="r">2024-12-13 14:01:07</subfield>
    <subfield code="w">2024-12-13</subfield>
    <subfield code="y">BOOK</subfield>
  </datafield>
  <datafield tag="952" ind1=" " ind2=" ">
    <subfield code="0">0</subfield>
    <subfield code="1">0</subfield>
    <subfield code="2">ddc</subfield>
    <subfield code="4">0</subfield>
    <subfield code="7">0</subfield>
    <subfield code="a">SEACOMEC</subfield>
    <subfield code="b">SEACOMEC</subfield>
    <subfield code="d">2006-06-05</subfield>
    <subfield code="l">0</subfield>
    <subfield code="o">004.6 Z62</subfield>
    <subfield code="p">01658</subfield>
    <subfield code="r">2024-12-13 14:01:07</subfield>
    <subfield code="t">1</subfield>
    <subfield code="w">2024-12-13</subfield>
    <subfield code="y">BOOK</subfield>
  </datafield>
  <datafield tag="952" ind1=" " ind2=" ">
    <subfield code="0">0</subfield>
    <subfield code="1">0</subfield>
    <subfield code="2">ddc</subfield>
    <subfield code="4">0</subfield>
    <subfield code="7">0</subfield>
    <subfield code="a">SEACOMEC</subfield>
    <subfield code="b">SEACOMEC</subfield>
    <subfield code="d">2006-06-05</subfield>
    <subfield code="l">0</subfield>
    <subfield code="o">004.6 Z62</subfield>
    <subfield code="p">01659</subfield>
    <subfield code="r">2024-12-13 14:01:07</subfield>
    <subfield code="t">2</subfield>
    <subfield code="w">2024-12-13</subfield>
    <subfield code="y">BOOK</subfield>
  </datafield>
  <datafield tag="952" ind1=" " ind2=" ">
    <subfield code="0">0</subfield>
    <subfield code="1">0</subfield>
    <subfield code="2">ddc</subfield>
    <subfield code="4">0</subfield>
    <subfield code="7">0</subfield>
    <subfield code="a">SEACOMEC</subfield>
    <subfield code="b">SEACOMEC</subfield>
    <subfield code="d">2006-06-05</subfield>
    <subfield code="l">0</subfield>
    <subfield code="o">004.6 Z62</subfield>
    <subfield code="p">01660</subfield>
    <subfield code="r">2024-12-13 14:01:07</subfield>
    <subfield code="t">3</subfield>
    <subfield code="w">2024-12-13</subfield>
    <subfield code="y">BOOK</subfield>
  </datafield>
  <datafield tag="952" ind1=" " ind2=" ">
    <subfield code="0">0</subfield>
    <subfield code="1">0</subfield>
    <subfield code="2">ddc</subfield>
    <subfield code="4">0</subfield>
    <subfield code="7">0</subfield>
    <subfield code="a">SEACOMEC</subfield>
    <subfield code="b">SEACOMEC</subfield>
    <subfield code="d">2006-06-05</subfield>
    <subfield code="l">0</subfield>
    <subfield code="o">004.6 Z62</subfield>
    <subfield code="p">01661</subfield>
    <subfield code="r">2024-12-13 14:01:07</subfield>
    <subfield code="t">4</subfield>
    <subfield code="w">2024-12-13</subfield>
    <subfield code="y">BOOK</subfield>
  </datafield>
  <datafield tag="952" ind1=" " ind2=" ">
    <subfield code="0">0</subfield>
    <subfield code="1">0</subfield>
    <subfield code="2">ddc</subfield>
    <subfield code="4">0</subfield>
    <subfield code="7">0</subfield>
    <subfield code="a">SEACOMEC</subfield>
    <subfield code="b">SEACOMEC</subfield>
    <subfield code="d">2006-06-05</subfield>
    <subfield code="l">0</subfield>
    <subfield code="o">004.6 Z62</subfield>
    <subfield code="p">01662</subfield>
    <subfield code="r">2024-12-13 14:01:07</subfield>
    <subfield code="t">5</subfield>
    <subfield code="w">2024-12-13</subfield>
    <subfield code="y">BOOK</subfield>
  </datafield>
  <datafield tag="952" ind1=" " ind2=" ">
    <subfield code="0">0</subfield>
    <subfield code="1">0</subfield>
    <subfield code="2">ddc</subfield>
    <subfield code="4">0</subfield>
    <subfield code="7">0</subfield>
    <subfield code="a">SEACOMEC</subfield>
    <subfield code="b">SEACOMEC</subfield>
    <subfield code="d">2006-06-05</subfield>
    <subfield code="l">0</subfield>
    <subfield code="o">004.6 Z62</subfield>
    <subfield code="p">01663</subfield>
    <subfield code="r">2024-12-13 14:01:07</subfield>
    <subfield code="t">6</subfield>
    <subfield code="w">2024-12-13</subfield>
    <subfield code="y">BOOK</subfield>
  </datafield>
  <datafield tag="952" ind1=" " ind2=" ">
    <subfield code="0">0</subfield>
    <subfield code="1">0</subfield>
    <subfield code="2">ddc</subfield>
    <subfield code="4">0</subfield>
    <subfield code="7">0</subfield>
    <subfield code="a">SEACOMEC</subfield>
    <subfield code="b">SEACOMEC</subfield>
    <subfield code="d">2006-06-05</subfield>
    <subfield code="l">0</subfield>
    <subfield code="o">004.6 Z62</subfield>
    <subfield code="p">01664</subfield>
    <subfield code="r">2024-12-13 14:01:07</subfield>
    <subfield code="t">7</subfield>
    <subfield code="w">2024-12-13</subfield>
    <subfield code="y">BOOK</subfield>
  </datafield>
  <datafield tag="952" ind1=" " ind2=" ">
    <subfield code="0">0</subfield>
    <subfield code="1">0</subfield>
    <subfield code="2">ddc</subfield>
    <subfield code="4">0</subfield>
    <subfield code="7">0</subfield>
    <subfield code="a">SEACOMEC</subfield>
    <subfield code="b">SEACOMEC</subfield>
    <subfield code="d">2006-06-05</subfield>
    <subfield code="l">0</subfield>
    <subfield code="o">004.6 Z62</subfield>
    <subfield code="p">01665</subfield>
    <subfield code="r">2024-12-13 14:01:07</subfield>
    <subfield code="t">8</subfield>
    <subfield code="w">2024-12-13</subfield>
    <subfield code="y">BOOK</subfield>
  </datafield>
  <datafield tag="952" ind1=" " ind2=" ">
    <subfield code="0">0</subfield>
    <subfield code="1">0</subfield>
    <subfield code="2">ddc</subfield>
    <subfield code="4">0</subfield>
    <subfield code="7">0</subfield>
    <subfield code="a">SEACOMEC</subfield>
    <subfield code="b">SEACOMEC</subfield>
    <subfield code="d">2006-06-05</subfield>
    <subfield code="l">0</subfield>
    <subfield code="o">004.6 Z62</subfield>
    <subfield code="p">01666</subfield>
    <subfield code="r">2024-12-13 14:01:07</subfield>
    <subfield code="t">9</subfield>
    <subfield code="w">2024-12-13</subfield>
    <subfield code="y">BOOK</subfield>
  </datafield>
  <datafield tag="952" ind1=" " ind2=" ">
    <subfield code="0">0</subfield>
    <subfield code="1">0</subfield>
    <subfield code="2">ddc</subfield>
    <subfield code="4">0</subfield>
    <subfield code="7">0</subfield>
    <subfield code="a">SEACOMEC</subfield>
    <subfield code="b">SEACOMEC</subfield>
    <subfield code="d">2008-04-18</subfield>
    <subfield code="l">0</subfield>
    <subfield code="o">004.6 Z62</subfield>
    <subfield code="p">10957</subfield>
    <subfield code="r">2024-12-13 14:02:02</subfield>
    <subfield code="t">10</subfield>
    <subfield code="w">2024-12-13</subfield>
    <subfield code="y">BOOK</subfield>
  </datafield>
  <datafield tag="952" ind1=" " ind2=" ">
    <subfield code="0">0</subfield>
    <subfield code="1">0</subfield>
    <subfield code="2">ddc</subfield>
    <subfield code="4">0</subfield>
    <subfield code="7">0</subfield>
    <subfield code="a">SEACOMEC</subfield>
    <subfield code="b">SEACOMEC</subfield>
    <subfield code="d">2008-04-18</subfield>
    <subfield code="l">0</subfield>
    <subfield code="o">004.6 Z62</subfield>
    <subfield code="p">10958</subfield>
    <subfield code="r">2024-12-13 14:02:02</subfield>
    <subfield code="t">11</subfield>
    <subfield code="w">2024-12-13</subfield>
    <subfield code="y">BOOK</subfield>
  </datafield>
  <datafield tag="999" ind1=" " ind2=" ">
    <subfield code="c">510</subfield>
    <subfield code="d">510</subfield>
  </datafield>
</record>
